İsrail'in A Planı /

Saved in:
Bibliographic Details
Main Author: Çebi, Hakan Yılmaz, (Author)
Format: Book
Language:Turkish
Published: Istanbul : Nokta Kitap, Eylül 2006.
Edition:1. Baskı
Subjects:
Tags: Add Tag
No Tags, Be the first to tag this record!
LEADER 01211cam a2200373Ii 4500
001 015102433-2
005 20170817163209.0
008 140213s2006 tu b 000 0 tur d
016 7 |a 003013807  |2 IsJJNL 
020 |a 9789759146733 
020 |a 9759146738 
035 0 |a ocn870450689 
040 |a STF  |b eng  |e rda  |c STF  |d J9U  |d OCLCO  |d OCLCF  |d OCL 
050 4 |a DS126.7  |b C435 2006 
100 1 |a Çebi, Hakan Yılmaz,  |e author. 
245 1 0 |a İsrail'in A Planı /  |c Hakan Yılmaz Çebi. 
250 |a 1. Baskı 
264 1 |a Istanbul :  |b Nokta Kitap,  |c Eylül 2006. 
264 4 |c © 2006 
300 |a 238 pages ;  |c 21 cm 
336 |a text  |b txt  |2 rdacontent 
337 |a unmediated  |b n  |2 rdamedia 
338 |a volume  |b nc  |2 rdacarrier 
504 |a Includes bibliographical references (page [239]). 
651 0 |a Israel  |x Politics and government. 
650 0 |a Jews  |x Politics and government. 
650 0 |a Judaism and politics. 
651 0 |a Israel  |x Foreign relations  |z United States. 
651 0 |a United States  |x Foreign relations  |z Israel. 
651 0 |a Israel  |x Foreign relations  |z Middle East. 
651 0 |a Middle East  |x Foreign relations  |z Israel. 
899 |a 415_560132 
988 |a 20170817 
906 |0 OCLC